|
|
|
|
| LEADER |
00905nam a2200253 a 4500 |
| 001 |
566071 |
| 008 |
091008s1990 nyua b 001 0 eng d |
| 010 |
|
|
|a \\\89048348
|
| 020 |
|
|
|a 0060449276
|
| 040 |
|
|
|a DLC
|c DLC
|d DLC
|
| 082 |
0 |
0 |
|a 371.1/02
|2 20
|
| 100 |
1 |
|
|a Ornstein, Allan C.
|
| 245 |
1 |
0 |
|a Strategies for effective teaching /
|c Allan C. Ornstein.
|
| 260 |
|
|
|a New York :
|b Harper & Row,
|c c1990.
|
| 300 |
|
|
|a xxii, 634 p. :
|b ill. ;
|c 23 cm.
|
| 504 |
|
|
|a Includes bibliographical references.
|
| 541 |
1 |
|
|e 00005263
|
| 650 |
|
0 |
|a Teaching.
|
| 650 |
|
0 |
|a Classroom management.
|
| 650 |
|
0 |
|a Lesson planning.
|
| 650 |
|
0 |
|a Teachers
|x Training of.
|
| 852 |
4 |
|
|a Ayesha Abed Library
|j General shelf
|
| 999 |
|
|
|c 4331
|d 4331
|
| 952 |
|
|
|0 0
|1 0
|2 ddc
|4 0
|6 371_102000000000000_ORN_1990
|7 0
|9 4002
|a BRACUL
|b BRACUL
|c GEN
|d 2009-10-08
|g 896.00
|l 3
|m 34
|o 371.102 ORN
|p 3010005263
|q 2026-06-02
|r 2025-11-19
|s 2025-11-19
|t 1
|w 2009-10-08
|y BK
|